Вступ до філософії: історико-філософська пропедефтика (Запис № 17177)

000 -Маркер запису
Контрольне поле сталої довжини 01706nam a22002537a 4500
003 - Належність контрольного номера
Контрольне поле Uzh_bibl
008 - Кодовані дані
Контрольне поле сталої довжини 260324b |||||||| |||| 00| 0 ukr d
020 ## - Індекс ISBN
ISBN 5-11-004714-6
040 ## - Джерело каталогіз.
Код мови каталог. укр.
041 ## - Код мови видання
Код мови оригіналу українська
Код мови тексту українська
080 ## - Індекс УДК
Індекс УДК 1(091)
090 ## - Шифри
Поличний індекс 1(091)
Авторський знак В85
100 ## - Автор
Автор -
245 ## - Назва
Назва Вступ до філософії: історико-філософська пропедефтика
Відповідальність Худож.ред.І.Г.Сухенко
Фізичний носій Текст
260 ## - Вихідні дані
Місце видання Київ
Видавництво "Вища школа"
Дата видання 1999
300 ## - Фізичний опис
Обсяг 624 с.
Тип одиниці В опр.
520 ## - Анотація
Анотація Підручник принципово зорієнтований на філософсько-антропологічну проблематику враховано кращі зразки викладу історії, філософії розширено коло питань, що висвітлюють проблему людини відображено процесуальність створення тих чи інших філософських концепцій і плюралізм відповідей на те чи інше питання з метою розкриття діалогічного та діалектичного характеру взаєморозвитку філософських доктрнин.
521 ## - Примітка про цільове призначення
Примітка про цільове призначення Для широкого кола читачів
546 ## - Примітка про мову
Примітка про мову укр.
650 ## - Тематичні рубрики
Основна рубрика Навчальне видання
653 ## - Ключові слова
Ключові слова Філософія
-- Філософія середньовіччя її особливості
-- Західноєвропейська філософія
655 ## - Термін індексування — жанр/форма
Жанр/форма Навчальна література
Типове ділення Підручник
942 ## - ADDED ENTRY ELEMENTS (KOHA)
Джерело класифікації чи схема поличного розташування
Koha item type Книги
Фонди
Статус вилучення Статус втрати/відсутності Джерело класифікації чи схема поличного розташування Статус пошкодження Тип обігу (не для випозичання) Постійне розташування Поточне розташування Розташування у відділі Дата надходження Інвентарний номер Total Checkouts Повний (примірниковий) шифр зберігання Штрих-код Date last seen Дата, для якої чинна ціна заміни Тип одиниці (рівень примірника)
          Бібліотека-філія №2 Бібліотека-філія №2 Читальна зала старший відділ 24/03/2026 49187   1(091) 19643 24/03/2026 24/03/2026 Книги

Працює на АБІС Коха